Marxismo y psicoanálisis

Guardat en:
Dades bibliogràfiques
Autor principal: Osborn, Reuben (autor)
Format: Llibre
Idioma:espanyol
Publicat: Barcelona Península 1967
Col·lecció:Historia, Ciencia, Sociedad, 20
Matèries:
Etiquetes: Afegir etiqueta
Sense etiquetes, Sigues el primer a etiquetar aquest registre!

MARC

LEADER 00000nam a2200000 a 4500
001 UCX4645
003 CL-VaPUC
008 920701e19670000SP |||||||||||||||||spa|d
082 0 4 |a 150.195  |b OSB  |2 21 
100 |a Osborn, Reuben  |e autor  |9 320884 
245 1 0 |a Marxismo y psicoanálisis 
300 |a 190 p 
942 |c BK 
945 |d 19920701 00:00:00 
260 |a Barcelona  |b Península  |c 1967 
650 7 |a COMUNISMO Y PSICOANALISIS  |2 CL-VaPUC  |9 320885 
650 0 |a Psicoanálisis   |9 265702 
650 7 |a MARXISMO  |2 CL-VaPUC  |9 320886 
583 |a last modification  |c 19920701 00:00:00  |k Rodrigo Vera 
490 0 |a Historia, Ciencia, Sociedad, 20 
999 |c 225060  |d 225058 
952 |0 0  |1 0  |4 0  |6 150_195000000000000_OSB_1967  |7 0  |8 A  |9 222233  |a BIBHIS  |b BIBHIS  |d 2019-11-15  |i 2910802  |o 150.195 OSB 1967  |p 2910802  |r 2025-01-20  |w 2019-11-15  |y BK  |k HIS 
952 |0 0  |1 0  |4 0  |6 150_195000000000000_OSB_1967  |7 0  |8 A  |9 222234  |a BIBHIS  |b BIBHIS  |d 2019-11-15  |i 3879453  |o 150.195 OSB 1967  |p 3879453  |r 2025-01-20  |w 2019-11-15  |y BK  |k HIS